| 000 | 00716nam a22002297a 4500 | ||
|---|---|---|---|
| 999 |
_c6427 _d6427 |
||
| 003 | AR-CdUCM | ||
| 008 | 190315b ||||| |||| 00| 0 spa d | ||
| 020 | _a978-1-4031-4777-6 | ||
| 040 |
_aMUNICIPALIDAD PROVINCIAL DEL CUSCO _cBIBLIOTECA MUNICIPAL DEL CUSCO |
||
| 041 | _heng | ||
| 082 |
_a080 / _bH85 |
||
| 100 |
_aHubbard, Ronal L. _918228 |
||
| 245 | _aDianética La tesis original / | ||
| 260 |
_aCalifornia : _bBridge publications, _c2007. |
||
| 300 |
_a293 paginas ; _bIlustraciones, _c24.5 cm. |
||
| 505 | _aDescubrimientos y principios -- Auditacion -- Clearing ... | ||
| 650 |
_aReligión _91195 |
||
| 650 |
_aAnalogía _918254 |
||
| 650 |
_aAuditación _918255 |
||
| 942 |
_2ddc _cLIBROS |
||
| 945 | _aacv | ||